00520nam a22001697a 450000500170000001000150001702000260003203500140005803700130007208200110008510000220009624500850011826000400020327000610024330000210030470000250032520220805151023.0 aENG-134321 a9789393737779c399.00 aEN-117853 bDBAD/PUB a338.04 aIshaq, M. Mohamed aProspects of Millennial Entrepreneurs/cM. Mohamed Ishaq and A. Sulthan Mohideen aMaduraibShanlax Publicationsc2022 a61, 66 T.P.K. Main Road, Vasantha NagarbMaduraie625003 a118p.c24cm(pbk) aMohideen, A. Sulthan